Los cuentos de peteco /

Guardado en:
Autor Principal: D'elía, Elsa Blanca
Formato: Libro
Publicado: Buenos Aires : Kapelusz
Materias:
Etiquetas: Agregar Etiqueta
Sin Etiquetas, Sea el primero en etiquetar este registro!
LEADER 00617nam a22002175a 4500
001 CEM.cems012604
005 20070823182501.0
008 130507b######################000#0#####d
003 CEMS
020 |a 9501300994 
082 0 4 |a SG372.24 
100 1 |a D'elía, Elsa Blanca 
245 1 0 |a Los cuentos de peteco /  |c Elsa Blanca D'elía 
260 |a Buenos Aires :  |b Kapelusz 
300 |a s.p. 
653 |a Literatura 
653 |a Literatura infantil 
653 |a Cuentos 
653 |a Cuentos-1º egb 
653 |a Biblioteca maría de los angeles saggio 
859 |a CEMS  |b BIB. CEMS - 11 de abril  |h SG372.24  |i D379  |p 23833.07  |t Ej.1